| LEADER |
01420nam0a2200193 450 |
| 001 |
16868177 |
| 010 |
|
|
|a 978-2-36637-216-8Â
|b Br.Â
|d 23 €Â
|
| 100 |
|
|
|a 20260403d2025 u u0frey01 baÂ
|
| 101 |
1 |
|
|a freÂ
|c engÂ
|
| 102 |
|
|
|a FRÂ
|
| 200 |
0 |
|
|a domaine de Berrima (Le)Â
|f Anne-Marie BrearÂ
|
| 207 |
|
1 |
|a Â
|
| 210 |
|
|
|a La Roque-sur-PernesÂ
|b 84Â
|c VDBÂ
|d 2025Â
|
| 215 |
|
|
|a 1 vol. (475 p.)Â
|c Couv illÂ
|d 22x15 cmÂ
|
| 330 |
|
|
|a Australie, 1853. Mariée en secondes noces à Alistair Emmerson, un négociant quÂ’elle a épousé pour la sécurité quÂ’il pouvait offrir à ses enfants, Ellen supervise lÂ’achèvement des travaux de leur domaine, lÂ’un des plus grands de la région de Berrima, à une centaine de kilomètres au sud de Sydney. CÂ’est alors que réapparaît un fantôme de son passé. Un homme venu dÂ’Irlande qui, en plus de réveiller de douloureux souvenirs, va bientôt mettre en péril sa respectabilité nouvelle et la tranquillité des siens. Refusant la fatalité, la jeune femme va devoir faire montre de courage et dÂ’une détermination sans faille pour conserver ce quÂ’elle a si chèrement acquis. Au prix de douloureux sacrificesÂ
|
| 700 |
|
0 |
|a BrearÂ
|b Anne-MarieÂ
|4Â 70Â
|
| 900 |
|
|
|a RomanÂ
|
| 901 |
|
|
|a AdultesÂ
|
| 995 |
|
|
|a MédiathèqueÂ
|c MédiathèqueÂ
|f 089021824Â
|h 089021824Â
|k R BRE LV 2Â
|o pÂ
|q aÂ
|r agÂ
|u A prêter en 2 vol (avec "Avec l'espoir pour horizon")A rendre en 2 vol (avec "Avec l'espoir pour horizon" vol 1)Â
|e MédiathèqueÂ
|